000 01019pam a2200265 a 4500
001 932648
005 20060727220548.0
008 830127s1984 enka b 001 0 eng
010 _a 83001905
020 _a052123171X
040 _aDLC
_cDLC
_dDLC
050 0 0 _aTP156.D47
_bC878 1984
082 0 0 _a660.28423
_222
_bCUS
100 1 _aCussler, E. L.
_96328
245 1 0 _aDiffusion, mass transfer in fluid systems /
_cE.L. Cussler.
260 _aCambridge [Cambridgeshire] ;
_aNew York :
_bCambridge University Press,
_c1984.
300 _axii, 525 p. :
_bill. ;
_c24 cm.
504 _aIncludes bibliographies and indexes.
650 0 _aDiffusion.
_96329
650 0 _aMass transfer.
_96330
650 0 _aFluids.
_96331
856 4 2 _3Publisher description
_uhttp://www.loc.gov/catdir/enhancements/fy0642/83001905-d.html
942 _2ddc
_cBB
999 _c11872
_d11872